[Event "37th Reykjavik op"]
[Site "Reykjavik ISL"]
[Date "2024.03.16"]
[Round "3.15"]
[White "Nevednichy, Vladislav"]
[Black "Heimisson, Hilmir Freyr"]
[WhiteElo "2445"]
[BlackElo "2355"]
[Result "1-0"]
[EventDate "2024.03.15"]
[PlyCount "143"]

1. e4 { [%eval 0.13] [%clk 1:30:56] } 1... e5 { [%eval 0.17] [%clk 1:30:17] } 2. Bc4 { [%eval 0.0] [%clk 1:31:18] } 2... Nf6 { [%eval 0.0] [%clk 1:29:54] } 3. d3 { [%eval 0.0] [%clk 1:31:37] } 3... Nc6 { [%eval 0.22] [%clk 1:29:24] } 4. Nf3 { [%eval 0.21] [%clk 1:32:01] } 4... h6 { [%eval 0.44] [%clk 1:29:19] } 5. c3 { [%eval 0.37] [%clk 1:31:45] } 5... d6 { [%eval 0.31] [%clk 1:29:30] } 6. O-O { [%eval 0.43] [%clk 1:32:06] } 6... g5 { [%eval 0.42] [%clk 1:28:47] } 7. Nbd2 { [%eval 0.31] [%clk 1:29:58] } 7... Bg7 { [%eval 0.54] [%clk 1:27:49] } 8. Bb3 { [%eval 0.37] [%clk 1:26:30] } 8... a5 { [%eval 0.33] [%clk 1:25:58] } 9. a4 { [%eval 0.36] [%clk 1:24:44] } 9... Bd7 { [%eval 0.26] [%clk 1:24:37] } 10. Nc4 { [%eval 0.28] [%clk 1:22:41] } 10... Be6 { [%eval 0.46] [%clk 1:23:56] } 11. Re1 { [%eval 0.3] [%clk 1:21:35] } 11... g4 { [%eval 0.25] [%clk 1:21:40] } 12. Nfd2 { [%eval 0.21] [%clk 1:20:56] } 12... h5 { [%eval 0.07] [%clk 1:21:38] } 13. Ne3 { [%eval 0.1] [%clk 1:13:33] } 13... Qd7 { [%eval 0.21] [%clk 1:07:50] } 14. Bc4 { [%eval 0.24] [%clk 0:52:07] } 14... Ne7 { [%eval 0.26] [%clk 0:53:59] } 15. d4 { [%eval 0.21] [%clk 0:49:36] } 15... exd4 { [%eval 0.22] [%clk 0:50:40] } 16. Bxe6 { [%eval 0.01] [%clk 0:39:38] } 16... fxe6 { [%eval 0.0] [%clk 0:50:25] } 17. cxd4 { [%eval -0.01] [%clk 0:40:05] } 17... d5 { [%eval 0.2] [%clk 0:35:49] } 18. e5 { [%eval 0.08] [%clk 0:39:02] } 18... Ne4 { [%eval 0.58] [%clk 0:35:57] } 19. Nxe4 { [%eval 0.51] [%clk 0:24:50] } 19... dxe4 { [%eval 0.59] [%clk 0:36:20] } 20. Nc2 { [%eval 0.67] [%clk 0:24:53] } 20... O-O { [%eval 1.12] [%clk 0:26:27] } 21. Rxe4 { [%eval 0.89] [%clk 0:22:44] } 21... Rf7 { [%eval 0.8] [%clk 0:24:38] } 22. Bg5 { [%eval 0.94] [%clk 0:20:43] } 22... Ng6 { [%eval 0.97] [%clk 0:22:54] } 23. Re2 { [%eval 0.75] [%clk 0:10:24] } 23... Rf5 { [%eval 0.67] [%clk 0:20:39] } 24. Qd2 { [%eval 0.26] [%clk 0:08:09] } 24... Kh7?! { [%eval 0.94] } { Inaccuracy. c5 was best. } { [%clk 0:20:44] } (24... c5 25. Be3) 25. g3 { [%eval 0.77] [%clk 0:07:25] } 25... Raf8 { [%eval 0.92] [%clk 0:15:27] } 26. Rae1 { [%eval 0.62] [%clk 0:06:46] } 26... b6 { [%eval 0.69] [%clk 0:10:32] } 27. b3 { [%eval 0.66] [%clk 0:04:53] } 27... R8f7 { [%eval 0.65] [%clk 0:09:02] } 28. Bf6 { [%eval 0.72] [%clk 0:03:53] } 28... Bh6 { [%eval 1.25] [%clk 0:05:47] } 29. Qd3 { [%eval 1.36] [%clk 0:04:04] } 29... Rf3 { [%eval 1.67] [%clk 0:03:09] } 30. Qc4 { [%eval 1.4] [%clk 0:04:28] } 30... c6 { [%eval 1.54] [%clk 0:02:43] } 31. Ne3 { [%eval 1.51] [%clk 0:02:26] } 31... Rf8 { [%eval 2.01] [%clk 0:01:18] } 32. Ng2 { [%eval 1.64] [%clk 0:02:10] } 32... Qd5 { [%eval 1.59] [%clk 0:01:12] } 33. Rc2 { [%eval 1.28] [%clk 0:01:11] } 33... Rc8?! { [%eval 2.28] } { Inaccuracy. Qxc4 was best. } { [%clk 0:00:57] } (33... Qxc4 34. Rxc4 Rc8 35. Rb1 c5 36. Ne1 Rf5 37. Nd3 Bg7 38. dxc5 bxc5 39. Re1 Bxf6 40. exf6) 34. Qxd5 { [%eval 1.94] [%clk 0:00:50] } 34... exd5 { [%eval 1.82] [%clk 0:01:26] } 35. Rb1?! { [%eval 0.82] } { Inaccuracy. Nh4 was best. } { [%clk 0:00:52] } (35. Nh4 Rxb3 36. Nf5 Bf8 37. Re3 Rb1+ 38. Kg2 Bb4 39. h3 c5 40. hxg4 hxg4 41. Ree2 Nf8) 35... Rd3 { [%eval 0.86] [%clk 0:01:25] } 36. e6 { [%eval 0.93] [%clk 0:00:48] } 36... Rf3 { [%eval 0.94] [%clk 0:01:17] } 37. Be5?! { [%eval -0.02] } { Inaccuracy. Bh4 was best. } { [%clk 0:00:44] } (37. Bh4 Bg7) 37... Nxe5 { [%eval 0.09] [%clk 0:00:57] } 38. dxe5 { [%eval 0.0] [%clk 0:01:13] } 38... Rf5 { [%eval -0.05] [%clk 0:00:38] } 39. Re1 { [%eval -0.07] [%clk 0:00:53] } 39... c5 { [%eval 0.25] [%clk 0:00:43] } 40. Nh4 { [%eval 0.09] [%clk 0:01:21] } 40... Rg5 { [%eval 0.12] [%clk 0:00:37] } 41. f4 { [%eval 0.08] [%clk 0:01:12] } 41... gxf3 { [%eval 0.16] [%clk 0:27:18] } 42. Nxf3 { [%eval -0.01] [%clk 0:26:12] } 42... Rg6?? { [%eval 1.92] } { Blunder. Rg7 was best. } { [%clk 0:19:53] } (42... Rg7 43. Rf2 Re7 44. Nh4 Rxe6 45. Rf5 c4 46. bxc4 dxc4 47. Rxh5 c3 48. Nf5 c2 49. Rc1) 43. Rd1 { [%eval 1.81] [%clk 0:26:07] } 43... d4 { [%eval 1.89] [%clk 0:10:06] } 44. Nxd4 { [%eval 1.97] [%clk 0:25:21] } 44... Be3+ { [%eval 1.67] [%clk 0:08:37] } (44... Bf4) 45. Kg2 { [%eval 1.8] [%clk 0:25:45] } 45... Bxd4 { [%eval 1.86] [%clk 0:08:47] } 46. Rxd4 { [%eval 1.38] [%clk 0:26:11] } 46... cxd4 { [%eval 1.8] [%clk 0:08:29] } 47. Rxc8 { [%eval 1.62] [%clk 0:26:36] } 47... Rxe6 { [%eval 1.81] [%clk 0:08:54] } 48. Rd8 { [%eval 2.02] [%clk 0:26:02] } 48... Rxe5 { [%eval 2.04] [%clk 0:08:57] } 49. Rxd4 { [%eval 1.42] [%clk 0:24:58] } 49... b5 { [%eval 1.87] [%clk 0:05:03] } 50. Kf3 { [%eval 1.93] [%clk 0:23:52] } 50... Rc5 { [%eval 1.46] [%clk 0:04:24] } 51. Ke4? { [%eval 0.32] } { Mistake. Ke3 was best. } { [%clk 0:23:35] } (51. Ke3) 51... bxa4 { [%eval 0.35] [%clk 0:03:22] } 52. bxa4 { [%eval 0.3] [%clk 0:24:00] } 52... Rc2 { [%eval 0.32] [%clk 0:02:12] } 53. h4 { [%eval 0.31] [%clk 0:23:40] } 53... Rc3 { [%eval 0.28] [%clk 0:02:11] } 54. Kf4 { [%eval 0.25] [%clk 0:23:36] } 54... Kg6?? { [%eval 3.45] } { Blunder. Ra3 was best. } { [%clk 0:01:56] } (54... Ra3 55. Kg5 Rxg3+ 56. Kxh5 Ra3 57. Kg5 Kg7 58. Rg4 Kf7 59. Rc4 Kg7 60. Rd4 Rg3+ 61. Kh5) 55. Rd6+ { [%eval 3.91] [%clk 0:23:49] } 55... Kf7 { [%eval 3.86] [%clk 0:01:26] } 56. Rd5 { [%eval 3.94] [%clk 0:23:28] } 56... Rc4+ { [%eval 4.42] [%clk 0:01:50] } 57. Kg5 { [%eval 4.32] [%clk 0:20:00] } 57... Rg4+ { [%eval 4.6] [%clk 0:01:56] } 58. Kxh5 { [%eval 4.59] [%clk 0:20:27] } 58... Rxg3 { [%eval 4.25] [%clk 0:02:26] } 59. Rf5+ { [%eval 4.55] [%clk 0:20:28] } 59... Ke6 { [%eval 4.37] [%clk 0:02:45] } 60. Rxa5 { [%eval 4.54] [%clk 0:20:51] } 60... Kf7 { [%eval 4.64] [%clk 0:02:01] } 61. Rf5+ { [%eval 4.61] [%clk 0:20:34] } 61... Ke6 { [%eval 4.47] [%clk 0:02:28] } 62. Rb5 { [%eval 4.44] [%clk 0:20:17] } 62... Kf7 { [%eval 4.42] [%clk 0:01:13] } 63. a5 { [%eval 4.21] [%clk 0:20:32] } 63... Ra3 { [%eval 4.72] [%clk 0:01:14] } 64. Kg5 { [%eval 4.54] [%clk 0:20:49] } 64... Ra1 { [%eval 4.66] [%clk 0:00:43] } 65. h5 { [%eval 4.69] [%clk 0:20:18] } 65... Rg1+ { [%eval 4.61] [%clk 0:00:43] } 66. Kf5 { [%eval 4.46] [%clk 0:20:25] } 66... Rf1+ { [%eval 4.64] [%clk 0:01:03] } 67. Ke5 { [%eval 4.83] [%clk 0:20:36] } 67... Ke7 { [%eval 6.27] [%clk 0:00:58] } 68. Rb7+ { [%eval 6.39] [%clk 0:20:46] } 68... Kd8 { [%eval 7.11] [%clk 0:01:20] } 69. h6 { [%eval 5.6] [%clk 0:20:51] } 69... Re1+ { [%eval 6.16] [%clk 0:01:06] } 70. Kd6 { [%eval 6.06] [%clk 0:21:06] } 70... Rd1+?! { [%eval 8.67] } { Inaccuracy. Kc8 was best. } { [%clk 0:01:27] } (70... Kc8 71. Rg7) 71. Kc6 { [%eval 7.78] [%clk 0:21:30] } 71... Rc1+? { [%eval #17] } { Checkmate is now unavoidable. Rh1 was best. } { [%clk 0:01:25] } (71... Rh1 72. Rb8+ Ke7 73. h7 Rc1+ 74. Kb6 Kd6 75. h8=Q Kd5 76. Rd8+ Kc4 77. Rc8+ Kd3 78. Rxc1) 72. Kb6 { [%eval #22] [%clk 0:21:55] } 1-0

[Event "37th Reykjavik op"]
[Site "Reykjavik ISL"]
[Date "2024.03.16"]
[Round "3.16"]
[White "Jacobsen, Mikkel Manosri"]
[Black "Injac, Teodora"]
[WhiteElo "2367"]
[BlackElo "2434"]
[Result "0-1"]
[EventDate "2024.03.15"]
[PlyCount "66"]

1. c4 { [%eval 0.16] [%clk 1:30:57] } 1... c6 { [%eval 0.26] [%clk 1:30:14] } 2. g3 { [%eval 0.27] [%clk 1:31:20] } 2... d5 { [%eval 0.09] [%clk 1:29:54] } 3. Nf3 { [%eval 0.0] [%clk 1:31:43] } 3... g6 { [%eval 0.36] [%clk 1:29:45] } 4. Bg2 { [%eval 0.31] [%clk 1:32:06] } 4... Bg7 { [%eval 0.3] [%clk 1:30:09] } 5. O-O { [%eval 0.0] [%clk 1:32:00] } 5... Nf6 { [%eval 0.19] [%clk 1:20:10] } 6. b3 { [%eval 0.3] [%clk 1:32:21] } 6... O-O { [%eval 0.42] [%clk 1:18:34] } 7. Bb2 { [%eval 0.25] [%clk 1:31:55] } 7... Bg4 { [%eval 0.37] [%clk 1:13:56] } 8. h3 { [%eval -0.01] [%clk 1:27:32] } 8... Bxf3 { [%eval 0.06] [%clk 1:13:32] } 9. Bxf3 { [%eval 0.03] [%clk 1:27:55] } 9... Re8 { [%eval 0.23] [%clk 1:10:00] } 10. d4 { [%eval 0.28] [%clk 1:20:28] } 10... Nbd7 { [%eval 0.27] [%clk 1:08:28] } 11. Nd2 { [%eval 0.23] [%clk 1:14:53] } 11... e5 { [%eval 0.33] [%clk 1:04:24] } 12. cxd5 { [%eval 0.0] [%clk 1:10:09] } 12... cxd5 { [%eval 0.2] [%clk 1:01:07] } 13. dxe5 { [%eval 0.22] [%clk 1:07:57] } 13... Nxe5 { [%eval 0.23] [%clk 1:01:33] } 14. Bg2 { [%eval 0.1] [%clk 1:03:49] } 14... Qe7 { [%eval 0.23] [%clk 0:58:55] } 15. Rc1 { [%eval 0.08] [%clk 0:59:29] } 15... Rad8 { [%eval 0.08] [%clk 0:56:11] } 16. Rc2 { [%eval 0.0] [%clk 0:54:15] } 16... d4 { [%eval 0.01] [%clk 0:32:05] } 17. Re1? { [%eval -1.29] } { Mistake. Nf3 was best. } { [%clk 0:49:25] } (17. Nf3 Nxf3+) 17... Nd3 { [%eval -0.85] [%clk 0:19:40] } 18. Ba3 { [%eval -0.89] [%clk 0:46:35] } 18... Qe6 { [%eval -0.86] [%clk 0:20:01] } 19. Rf1 { [%eval -0.94] [%clk 0:45:57] } 19... Ne5 { [%eval -0.9] } 20. Nc4 { [%eval -1.23] [%clk 0:31:09] } 20... Nc6 { [%eval -1.37] [%clk 0:19:59] } 21. Nd2 { [%eval -1.91] [%clk 0:02:35] } 21... Nd5 { [%eval -1.95] [%clk 0:19:03] } 22. Ne4 { [%eval -2.33] [%clk 0:01:51] } 22... Nc3 { [%eval -2.32] [%clk 0:18:37] } 23. Nc5 { [%eval -2.2] [%clk 0:01:33] } 23... Qe7?! { [%eval -1.07] } { Inaccuracy. Qc8 was best. } { [%clk 0:16:33] } (23... Qc8) 24. Qc1 { [%eval -1.26] [%clk 0:01:29] } 24... Qc7 { [%eval -1.1] [%clk 0:09:50] } 25. e3?! { [%eval -1.86] } { Inaccuracy. Re1 was best. } { [%clk 0:00:59] } (25. Re1 b5 26. Nd3 Ne5 27. Nxe5 Qxe5 28. Bb4 Qb8 29. Bf3 Qc7 30. a4 Qb6 31. axb5 Qxb5) 25... a5?! { [%eval -1.16] } { Inaccuracy. dxe3 was best. } { [%clk 0:09:01] } (25... dxe3 26. fxe3 Nd5 27. Ne4 Rxe4 28. Bxe4 Nxe3 29. Kh2 Bh6 30. Qe1 Nxc2 31. Bxc2 Bf8 32. Bb2) 26. Nxb7 { [%eval -1.72] [%clk 0:00:44] } 26... Rd7?? { [%eval 0.53] } { Blunder. Qxb7 was best. } { [%clk 0:02:01] } (26... Qxb7 27. exd4 Ne2+ 28. Rxe2 Rxe2 29. Bxc6 Qc7 30. d5 Bd4 31. Qg5 Rxa2 32. Be7 Rb8 33. Bf6) 27. Bb2?? { [%eval -3.37] } { Blunder. Nc5 was best. } { [%clk 0:00:38] } (27. Nc5) 27... Nb4 { [%eval -3.34] [%clk 0:02:06] } 28. Bxc3 { [%eval -3.98] [%clk 0:00:33] } 28... dxc3 { [%eval -4.03] [%clk 0:02:17] } 29. Re2 { [%eval -3.73] [%clk 0:00:47] } 29... Rb8 { [%eval -3.83] [%clk 0:01:52] } 30. a3 { [%eval -3.89] [%clk 0:00:34] } 30... Nd3 { [%eval -3.75] [%clk 0:02:03] } 31. Qc2 { [%eval -3.6] [%clk 0:00:46] } 31... Rxb7 { [%eval -4.03] [%clk 0:01:55] } 32. Rd1 { [%eval -3.9] [%clk 0:00:44] } 32... Ne5 { [%eval -3.33] [%clk 0:01:08] } 33. Rd4?! { [%eval -4.66] } { Inaccuracy. Bxb7 was best. } { [%clk 0:01:05] } (33. Bxb7 Qxb7 34. f4 Nf3+ 35. Kf2 Nd2 36. Rexd2 cxd2 37. Rxd2 Bf8 38. Qd1 Rxd2+ 39. Qxd2 Qxb3) 33... Rb8 { [%eval -4.68] [%clk 0:00:46] } 0-1

[Event "37th Reykjavik op"]
[Site "Reykjavik ISL"]
[Date "2024.03.16"]
[Round "3.17"]
[White "Large, Peter G"]
[Black "Deac, Bogdan-Daniel"]
[WhiteElo "2262"]
[BlackElo "2690"]
[Result "0-1"]
[EventDate "2024.03.15"]
[PlyCount "58"]

1. e4 { [%eval 0.13] [%clk 1:30:51] } 1... c6 { [%eval 0.24] [%clk 1:27:58] } 2. d4 { [%eval 0.28] [%clk 1:30:49] } 2... d5 { [%eval 0.31] [%clk 1:28:25] } 3. exd5 { [%eval 0.35] [%clk 1:30:57] } 3... cxd5 { [%eval 0.33] [%clk 1:28:51] } 4. c4 { [%eval 0.08] [%clk 1:31:17] } 4... Nf6 { [%eval 0.18] [%clk 1:28:41] } 5. Nc3 { [%eval 0.0] [%clk 1:31:37] } 5... e6 { [%eval 0.0] [%clk 1:28:44] } 6. Nf3 { [%eval 0.23] [%clk 1:31:51] } 6... Bb4 { [%eval 0.14] [%clk 1:28:34] } 7. Bd3 { [%eval 0.0] [%clk 1:31:26] } 7... dxc4 { [%eval 0.0] [%clk 1:05:27] } 8. Bxc4 { [%eval 0.08] [%clk 1:31:48] } 8... Qc7 { [%eval 0.51] [%clk 1:05:53] } 9. Qe2 { [%eval 0.44] [%clk 1:29:49] } 9... O-O { [%eval 0.47] [%clk 0:59:29] } 10. O-O { [%eval 0.44] [%clk 1:23:34] } 10... Nbd7 { [%eval 0.48] [%clk 0:59:47] } 11. Nb5 { [%eval 0.47] [%clk 1:18:39] } 11... Qd8 { [%eval 0.48] [%clk 0:59:53] } 12. a3 { [%eval 0.62] [%clk 1:17:15] } 12... Ba5 { [%eval 0.5] [%clk 0:57:42] } 13. Ba2 { [%eval 0.13] [%clk 1:02:42] } 13... a6 { [%eval 0.17] [%clk 0:51:01] } 14. Nd6 { [%eval 0.14] [%clk 0:59:21] } 14... Qe7?! { [%eval 0.73] } { Inaccuracy. Bc7 was best. } { [%clk 0:43:31] } (14... Bc7 15. Nxc8 Rxc8 16. Re1 Re8 17. g3 b5 18. h4 h6 19. Ne5) 15. Nf5 { [%eval 0.74] [%clk 0:54:30] } 15... Qd8 { [%eval 0.63] [%clk 0:43:39] } 16. Nd6?! { [%eval 0.0] } { Inaccuracy. Ng3 was best. } { [%clk 0:54:52] } (16. Ng3 b5 17. Ne5 Bb7 18. Bg5 Qc7 19. Nxd7 Nxd7 20. Rfd1 Rfe8 21. Rac1 Qd6 22. Ne4 Bxe4) 16... Nb8?! { [%eval 0.93] } { Inaccuracy. Bc7 was best. } { [%clk 0:32:39] } (16... Bc7 17. Nc4 b5 18. Nce5 Bb7 19. Bg5 h6 20. Nxf7 Rxf7 21. Qxe6 Qe8 22. Bxf6 Qxe6 23. Bxe6) 17. Nxc8 { [%eval 0.59] [%clk 0:49:24] } 17... Qxc8 { [%eval 0.76] [%clk 0:31:33] } 18. Bg5 { [%eval 0.68] [%clk 0:49:15] } 18... Nbd7 { [%eval 1.16] [%clk 0:31:29] } 19. Rac1 { [%eval 1.0] [%clk 0:45:06] } 19... Qb8 { [%eval 1.09] [%clk 0:29:18] } 20. Ne5 { [%eval 1.09] [%clk 0:38:59] } 20... Re8?! { [%eval 1.83] } { Inaccuracy. Nxe5 was best. } { [%clk 0:24:14] } (20... Nxe5 21. dxe5) 21. Nxd7 { [%eval 1.25] [%clk 0:35:10] } 21... Nxd7 { [%eval 1.38] [%clk 0:24:42] } 22. d5 { [%eval 0.86] [%clk 0:26:58] } 22... Nf8?! { [%eval 1.57] } { Inaccuracy. exd5 was best. } { [%clk 0:25:08] } (22... exd5 23. Qf3 Bd8 24. Bf4 Ne5 25. Qxd5 Bf6 26. Bxe5 Bxe5 27. Qxf7+ Kh8 28. Bb1 Qd6 29. g3) 23. Qf3? { [%eval 0.29] } { Mistake. Be3 was best. } { [%clk 0:25:41] } (23. Be3 Bd8 24. Rfd1 Bf6 25. Rc2 Qe5 26. f4 Qb8 27. d6 Rd8 28. Rcd2 Rd7 29. Qf2 g6) 23... Qe5 { [%eval 0.34] [%clk 0:23:48] } 24. Rc5 { [%eval 0.44] [%clk 0:17:27] } 24... Qxb2 { [%eval 0.72] [%clk 0:23:13] } 25. dxe6 { [%eval 0.79] [%clk 0:15:41] } 25... fxe6 { [%eval 0.9] [%clk 0:22:07] } 26. Rxa5 { [%eval 0.39] [%clk 0:15:02] } 26... b6 { [%eval 0.43] [%clk 0:17:31] } 27. Rf5?! { [%eval -0.2] } { Inaccuracy. Bd5 was best. } { [%clk 0:10:27] } (27. Bd5 exd5 28. Rxd5 h6 29. Bf4 Ng6 30. Bc1 Qe2 31. Qxe2 Rxe2 32. Rd6 Ne5 33. Rxb6 Ra2) 27... Qxa2 { [%eval -0.11] [%clk 0:17:51] } 28. Rf7 { [%eval -0.12] [%clk 0:10:46] } 28... Qd5 { [%eval -0.14] [%clk 0:16:29] } 29. Rd1?? { [%eval -4.1] } { Blunder. h4 was best. } { [%clk 0:08:31] } (29. h4 Qxf3 30. Rxf3 h6 31. Bc1 Rad8 32. Rg3 Kh7 33. Re1 b5 34. Bb2 Re7 35. a4 bxa4) 29... Qxg5 { [%eval -4.16] [%clk 0:16:22] } 0-1

[Event "37th Reykjavik op"]
[Site "Reykjavik ISL"]
[Date "2024.03.16"]
[Round "3.18"]
[White "Bjarnason, Snorri Vikanes"]
[Black "Gikas, Andreas Basilius"]
[WhiteElo "1875"]
[BlackElo "2104"]
[Result "0-1"]
[EventDate "2024.03.15"]
[PlyCount "62"]

1. Nf3 { [%eval 0.2] [%clk 1:30:51] } 1... d5 { [%eval 0.2] [%clk 1:30:47] } 2. g3 { [%eval 0.19] [%clk 1:31:09] } 2... Nf6 { [%eval 0.33] [%clk 1:31:02] } 3. Bg2 { [%eval 0.19] [%clk 1:31:30] } 3... c6 { [%eval 0.33] [%clk 1:31:21] } 4. O-O { [%eval 0.17] [%clk 1:31:44] } 4... Bf5 { [%eval 0.44] [%clk 1:31:44] } 5. b3 { [%eval 0.0] [%clk 1:22:24] } 5... e6 { [%eval 0.0] [%clk 1:29:08] } 6. c4 { [%eval 0.0] [%clk 1:19:44] } 6... Nbd7 { [%eval -0.02] [%clk 1:29:07] } 7. Nh4 { [%eval 0.0] [%clk 1:19:04] } 7... Be4 { [%eval 0.0] [%clk 1:17:38] } 8. f3?? { [%eval -2.02] } { Blunder. Bxe4 was best. } { [%clk 1:18:33] } (8. Bxe4 Nxe4 9. Bb2 Be7 10. Nf3 Bf6 11. Qc2 O-O 12. d3 Bxb2) 8... Bxb1 { [%eval -2.01] [%clk 1:17:55] } 9. Rxb1?! { [%eval -2.7] } { Inaccuracy. d3 was best. } { [%clk 1:18:51] } (9. d3 dxc4 10. bxc4 Bxd3 11. Qxd3 Nb6 12. Be3 Qxd3 13. exd3 Rg8 14. Bh3 O-O-O 15. Rfd1 g5) 9... Qb6+?? { [%eval -0.2] } { Blunder. g5 was best. } { [%clk 1:17:39] } (9... g5 10. Nf5 exf5 11. f4 g4 12. Qc2 Bg7 13. Bb2 O-O 14. cxd5 cxd5 15. Qxf5 Qe7 16. Rfc1) 10. d4 { [%eval -0.17] [%clk 1:18:09] } 10... dxc4 { [%eval -0.28] [%clk 1:16:44] } 11. Be3?! { [%eval -1.38] } { Inaccuracy. e4 was best. } { [%clk 1:04:33] } (11. e4) 11... Nd5 { [%eval -0.98] [%clk 1:10:14] } 12. Qc1?? { [%eval -3.88] } { Blunder. bxc4 was best. } { [%clk 1:03:46] } (12. bxc4 Nxe3) 12... Nxe3?? { [%eval -1.46] } { Blunder. Ba3 was best. } { [%clk 0:55:10] } (12... Ba3 13. Qxa3 Nxe3 14. bxc4 Qxd4 15. Rf2 g5 16. Rb3 Nxc4 17. Qc1 gxh4 18. Rxb7 Ncb6 19. f4) 13. Qxe3 { [%eval -1.5] [%clk 1:04:03] } 13... c3 { [%eval -1.46] [%clk 0:54:19] } 14. f4 { [%eval -1.35] [%clk 1:00:54] } 14... Be7?! { [%eval -0.36] } { Inaccuracy. Bb4 was best. } { [%clk 0:46:24] } (14... Bb4 15. Kh1) 15. Nf3 { [%eval -0.82] [%clk 1:00:52] } 15... Qa5 { [%eval -0.35] [%clk 0:46:06] } 16. Rfc1?! { [%eval -1.05] } { Inaccuracy. b4 was best. } { [%clk 0:59:22] } (16. b4) 16... Nf6?! { [%eval -0.38] } { Inaccuracy. Bb4 was best. } { [%clk 0:44:44] } (16... Bb4 17. Qd3 O-O 18. a3 Bxa3 19. Ra1 Qb4 20. Rxc3 Qe7 21. Rc2 a5 22. e4 Rfd8 23. Kh1) 17. Qxc3 { [%eval -0.6] [%clk 0:58:12] } 17... Qxa2 { [%eval -0.63] [%clk 0:42:00] } 18. Nd2 { [%eval -0.68] [%clk 0:54:02] } 18... Qa6 { [%eval -0.64] [%clk 0:37:58] } 19. Nc4 { [%eval -0.56] [%clk 0:52:20] } 19... O-O { [%eval -0.53] [%clk 0:29:47] } 20. Ra1 { [%eval -0.6] [%clk 0:46:38] } 20... Qb5 { [%eval -0.57] [%clk 0:30:05] } 21. Ra5 { [%eval -0.8] [%clk 0:46:21] } 21... Qb4 { [%eval -0.91] [%clk 0:30:19] } 22. Qd3?? { [%eval -2.91] } { Blunder. Qa1 was best. } { [%clk 0:41:12] } (22. Qa1 Bd8) 22... b5 { [%eval -3.07] [%clk 0:27:24] } 23. Raa1 { [%eval -3.38] [%clk 0:34:42] } 23... bxc4 { [%eval -3.4] [%clk 0:26:35] } 24. Rxc4 { [%eval -3.74] [%clk 0:35:04] } 24... Qd6 { [%eval -3.75] [%clk 0:23:16] } 25. Rxc6 { [%eval -3.81] [%clk 0:35:14] } 25... Qd7 { [%eval -3.7] [%clk 0:23:24] } 26. Qc4 { [%eval -3.94] [%clk 0:34:22] } 26... Rac8 { [%eval -3.89] [%clk 0:20:17] } 27. Raa6 { [%eval -4.24] [%clk 0:34:10] } 27... Rxc6 { [%eval -3.4] [%clk 0:16:04] } 28. Rxc6?! { [%eval -4.48] } { Inaccuracy. Bxc6 was best. } { [%clk 0:34:29] } (28. Bxc6 Qc7) 28... Bd8 { [%eval -4.61] [%clk 0:15:09] } 29. e3 { [%eval -4.48] [%clk 0:29:57] } 29... Bb6 { [%eval -4.27] [%clk 0:15:18] } 30. h3 { [%eval -4.72] [%clk 0:27:37] } 30... Nd5 { [%eval -4.52] [%clk 0:15:12] } 31. Kf2 { [%eval -5.08] [%clk 0:27:24] } 31... Ne7 { [%eval -5.57] [%clk 0:14:49] } 0-1